000
00376nam a2200145Ia 4500
008
100122s9999 xx 000 0 und d
082
_b
9361
_a
823
100
_a
फडके ना सी
245
_a
चाहूल
260
_b
प्रकाशक शोधणे
_c
1950
300
_a
100
630
_a
चाहूल
730
_a
चाहूल
942
_c
BOOK
999
_c
401392
_d
401389